Quizzes
Events
Quiz Creation
Community
Videos
Private Events
Remove Ads
Sign In
Join for FREE
Feedback
Dark Mode
Quiz Categories
Sports
Geography
Music
Movies
Television
Just For Fun
Miscellaneous
History
Literature
Language
Science
Gaming
Entertainment
Religion
Holiday
For Kids
Quiz Lab
Recent
Popular Today
Quiz Kudos Today
Editor Picks
Curator Picks
Quizzes by...
Day
Popularity
Type
Ratings
Length
Year
Community
Subscriptions
Recent Discussions
Orange Saloon
Badges
Playlists
Quests
Create
Leaderboards
Showdown
Live 5
Trivia Bingo
Activity
Puzzle Library
Sporcle Events
Private Events
Virtual Trivia
Globe League
Become a Host
Pub Owners
SporcleCon
Opinionation
Our Games
Videos
Blog
Mobile Apps
Partnerships
Remove Ads and Go Orange
Feedback
Sports
Athletes
MLB
NBA
NHL
NFL
Soccer
Sports Teams
WWE
NCAA
Football
Premier League
Basketball
Baseball
Hockey
Golf
Tennis
Cricket
Rugby
Auto Racing
Olympics
World Cup
Sports
Athletes
MLB
NBA
NHL
NFL
Soccer
Sports Teams
WWE
NCAA
Football
Premier League
Basketball
Baseball
Hockey
Golf
Tennis
Cricket
Rugby
Auto Racing
Olympics
World Cup
Random Quiz
Search Sporcle
×
Quiz Lab
Quiz Lab
Sports
NHL
Type in answers that appear in a list
Type in answers that appear in a list
Classic
Best Score? Go Orange.
NHL Attendance Leaders Since 1989-90 Stats
Can you name the NHL Attendance Leaders Since 1989-90?
By
aheig82
6m
33 Questions
175 Plays
175 Plays
175 Plays
Comments
Comments
Give Quiz Kudos
Give Quiz Kudos
-
- Ratings
hide this ad
More Info
Forced Order
Answers have to be entered in order
Answers have to be entered in order
Replay
Link that replays current quiz
Next Quiz
Link to next quiz in quiz playlist
You Got
0%
They Got
Avg Score
59%
Avg Friend Score
Upgrade to see
Score Distribution
Jump to the score distribution portion of the page
Score
0/33
Timer
06:00
0
Plays Today
Year
Team
% Correct
2011-
12
Chicago Blackhawks
100%
2012-
13
Chicago Blackhawks
100%
2013-
14
Chicago Blackhawks
100%
2014-
15
Chicago Blackhawks
100%
2015-
16
Chicago Blackhawks
100%
2016-
17
Chicago Blackhawks
100%
2017-
18
Chicago Blackhawks
100%
2018-
19
Chicago Blackhawks
100%
2019-
20
Chicago Blackhawks
100%
2021-
22
Tampa Bay Lightning
100%
2022-
23
Montreal Canadiens
100%
2010-
11
Chicago Blackhawks
98.9%
2009-
10
Chicago Blackhawks
97.1%
2008-
09
Chicago Blackhawks
95.4%
2007-
08
Montreal Canadiens
94.9%
2006-
07
Montreal Canadiens
94.9%
2005-
06
Montreal Canadiens
94.3%
Year
Team
% Correct
2003-
04
Montreal Canadiens
93.7%
2002-
03
Montreal Canadiens
93.7%
2000-
01
Montreal Canadiens
93.7%
1999-
00
Montreal Canadiens
93.1%
1998-
99
Montreal Canadiens
93.1%
1997-
98
Montreal Canadiens
93.1%
1996-
97
Montreal Canadiens
93.1%
2001-
02
Detroit Red Wings
92.6%
1995-
96
Chicago Blackhawks
90.9%
1993-
94
Detroit Red Wings
90.3%
1994-
95
Chicago Blackhawks
89.7%
1992-
93
Detroit Red Wings
86.9%
1991-
92
Detroit Red Wings
86.9%
1990-
91
Calgary Flames
69.7%
1989-
90
Calgary Flames
69.1%
2020-
21
Dallas Stars
60%
Quiz Playlist
Details
Report
Send in Message
Add To Playlist
More Info:
NHL Attendance Leaders since 1989-90 season. Average attendance and division standing listed.
Classic:
Type in answers that appear in a list
Forced Order:
Answers have to be entered in order
Quiz Source
Last Updated: Jan 13, 2024
Quiz Scoreboard
CHALLENGE
Sign Up to Join the Scoreboard
Show All
Scores
Hide
Comments
May contain spoilers
Recently Published
Presidents Visiting Landmarks
by Hejman
History
7m
An Introduction to Baseball
by treessimontrees
Sports
5m
Movies - When Are They Set?
by FPL_Elf
Movies
5m
More to Explore
Quiz From the Vault
Featured Blog Post
Where Did the Easter Bunny Come From?
hide this ad
You Might Also Like...
Tags
NHL Quiz
1989
attendance
Avg
team
Today's Top Quizzes in Sports
Browse Sports
hide this ad
Today's Top Quizzes in NHL
Browse NHL
Top Contributed Quizzes in Sports
1
Les meilleurs buteurs des matchs entre le PSG et l’OM
2
2022 World Cup Stars
3
FIFA Club World Cup Champions
4
Les entraîneurs de l'OM et du PSG au 21e siècle
5
Name the Premier League winners with different clubs
6
La finale Lions - Afrique du Sud 2021
7
England Test cricketers to play under Nasser Hussain
8
5-to-1: UK Sports Teams
9
Les joueurs passés par le LOSC et le RC Lens
10
Criteria MLB: Left Handed Sluggers
Explore More
Trending Topics
Crossword
NBA
Anime
Disney
Harry Potter
Kpop
Marvel
The Office
Soccer
NFL
WWE
Puzzle
Country
Pokémon
Song
hide this ad
More By:
aheig82
Quiz
Plays
Rating
Category
Featured
Created
NBA Last Five 25.0+ PPG Players by Team
144,355
4.51
Sports
Nov 17, 2011
NHL 40+ Goal Scorers per Franchise
46,925
4.56
Sports
Nov 16, 2011
MLB Last Five 40+ HR Hitters by Franchise
12,474
4.56
Sports
Nov 14, 2011
Top 5 Medal Winning Teams in Each Summer Olympics
11,925
4.21
Sports
Jul 14, 2012
Top 10 NBA Scoring Leaders Per Season (1990-2000)
8,236
4.00
Sports
Dec 20, 2012
Go to Creator's Profile
Score Distribution
Quiz Creator Spotlight
aheig82
Follow
Send a Message
Quizzes Created
-
Created Quiz Play Count
-
More By This Creator
Popular Quizzes Today
1
Find the Countries of Europe - No Outlines Minefield
2
Find the US States - No Outlines Minefield
3
The Countries of the World
4
Popular People in 1961
5
Find the US States
6
US States
7
1-10 Letter E Words III
8
Risky Map Clicking: Biggest States A-Z
More Sports Quizzes
Gimme Five: AEW (2023)
Quiz Lab
Trending Quizzes
Risky Map Clicking: Least Populous States A-Z
1-10 Letter F Words
1-10 Letter G Words
One Thing in Common: United Kingdom
Risky Map Clicking: Next State Alphabetically
Recently Updated
Leaping Animals
pecheneg
Reality TV Shows (A-Z)
bhenderson79
Rickey Henderson's Hall of Fame Teammates
pecheneg
Champions League XIs: Arsenal
pecheneg
Quick Pick: Celebrities in WWE's Hall of Fame
aduchscher
A-Z Keypad Blitz II
pecheneg
Multiple Oscar Actors
pecheneg
Mystery Phrase Blitz: Oscar 'Best Actors'
pecheneg
F. Scott Fitzgerald Novels
LTH
Pick 3 Villains
ddd62291
Trending Topics
Marvel
NBA
Kpop
Disney
Harry Potter
Crossword
Anime
Country
Puzzle
The Office
Pokémon
WWE
Soccer
Song
NFL
Your Account Isn't Verified!
In order to create a playlist on Sporcle, you need to verify the email address you used during registration. Go to your
Sporcle Settings
to finish the process.
Report this User
Report this user for behavior that violates our
Community Guidelines
.
Details:
Send Report
Go to the Sporcle.com Mobile Site →
Comments